00689nam a22002057a 450000500170000001000150001702000260003203500130005803700130007108200120008410000170009624500330011326000410014627000610018730000210024850000460026994200260031599900190034195201230036020161206105019.0 aENG-116289 a9788180902093c600.00 aEN-99821 bDBAD/PUB a954.021 aQanungo,K.R. aSher Shah /cby K.R. Qanungo aDelhibBhartiya Kala Prakashanc2014 a3421-A,IInd Floor Narang Colony,Tri NagarbDelhie110035 a300p. c21cm(Hb) aIncludes bibliographical references index 2ddccENh954.021mQAN c104192d104192 001040718NFICaDBADbBNd2016-10-24eDBAD/PUBg600.00l0o954.021 QANpEN-99821r2016-10-24 00:00:00t1v600.00yEN